Finland True or False - Statistics

General Stats
  • This quiz has been taken 73 times
  • The average score is 11 of 15
Answer Stats
Question Answer % Correct
Finland's currency is the euro True
100%
Finland is considered a part of Scandinavia False
89%
Finland has been under both Swedish and Russian rule True
89%
Finland doesn't have any metro systems False
83%
Finland's national men's football team is nicknamed "the lions" False
83%
The town of Kouvola is famous for its beautiful medieval architecture False
78%
There are no wild snakes in Finland False
78%
Swedish is an official language in Finland True
78%
Univeristy education is free in Finland True
72%
Mika Häkkinen is the most recent Finnish F1 champion False
67%
There is no Domino's Pizza in Finland True
67%
The coat of arms of Finland features a bear False
61%
Finland's highest point is over 2000 meters high False
50%
Ice hockey is Finland's national sport False
50%
The Port of Helsinki is among the busiest ports in Europe by passenger traffic True
50%
No matching quizzes found
Score Distribution
Percent of People with Each Score
Percentile by Number Answered
Your Score History
You have not taken this quiz